Central Library OPAC University of Rajshahi

India's look east to act east policy : (Record no. 73988)

MARC details
000 -LEADER
fixed length control field 01337cam a2200313 i 4500
001 - CONTROL NUMBER
control field 73988
003 - CONTROL NUMBER IDENTIFIER
rucl marc code BD-RjUL
005 - DATE AND TIME OF LATEST TRANSACTION
control field 20211209082453.0
008 - FIXED-LENGTH DATA ELEMENTS--GENERAL INFORMATION
fixed length control field 160107s2016 ii b 000 0 eng d
020 ## - INTERNATIONAL STANDARD BOOK NUMBER
International Standard Book Number 9788182748477 (hardback)
Terms of availability Rs. 1095.00
International Standard Book Number 818274847X (hardback)
035 ## - SYSTEM CONTROL NUMBER
System control number BD-RjUL74206
040 ## - CATALOGING SOURCE
Original cataloging agency DKAGE
Language of cataloging eng
Description conventions rda
Transcribing agency DKAGE
Modifying agency DLC
041 ## - LANGUAGE CODE
Language code of text/sound track or separate title eng
082 ## - DEWEY DECIMAL CLASSIFICATION NUMBER
Edition number 22
Classification number 307.120954
Author mark and year IND 2016
245 00 - TITLE STATEMENT
Title India's look east to act east policy :
Remainder of title tracking the opportunities and challenges in the Indo-Pacific /
Statement of responsibility, etc. edited by ManMohini Kaul, Anushree Chakraborty.
300 ## - PHYSICAL DESCRIPTION
Pagination xxvii, 300 pages :
Illustrations maps (black and white) ;
Size 24 cm
504 ## - BIBLIOGRAPHY, ETC. NOTE
Bibliography, etc Includes bibliographical references (pages 290-292) and index.
650 #0 - SUBJECT ADDED ENTRY--TOPICAL TERM
Topical term or geographic name as entry element Regional planning
Geographic subdivision Indo-Pacific Region.
9 (RLIN) 219645
Topical term or geographic name as entry element National security
Geographic subdivision South China Sea
General subdivision International cooperation.
9 (RLIN) 219646
Topical term or geographic name as entry element Conflict management
Geographic subdivision Southeast Asia.
9 (RLIN) 219647
651 #0 - SUBJECT ADDED ENTRY--GEOGRAPHIC NAME
Geographic name Indo-Pacific Region
General subdivision Foreign relations
Geographic subdivision India.
9 (RLIN) 135732
Geographic name India
General subdivision Foreign relations
Geographic subdivision Indo-Pacific Region.
9 (RLIN) 219648
Geographic name South China Sea
General subdivision Navigation
-- Safety measures
-- International cooperation.
9 (RLIN) 219649
700 1# - ADDED ENTRY--PERSONAL NAME
Personal name Kaul, Man Mohini,
Relator term editor.
Personal name Chakraborty, Anushree,
Relator term editor.
942 ## - ADDED ENTRY ELEMENTS (KOHA)
Source of classification or shelving scheme Dewey Decimal Classification
Koha item type Books
Holdings
Lost status Source of classification or shelving scheme Damaged status Not for loan Collection code Permanent Location Current Location Shelving location Date acquired Source of acquisition Cost, normal purchase price Total Checkouts Full call number Date last seen Copy number Koha item type
  Dewey Decimal Classification   Not For Loan Non-fiction Central Library, University of Rajshahi Central Library, University of Rajshahi Reading Room 20/04/2017 R.U. V.C. Office. 1095.00   307.120954 IND 2016 07/12/2017 C-1 Books